000 00534nam a2200181Ia 4500
008 240729s9999 xx 000 0 und d
022 _a2349-6673
245 0 _aAsia-Pacific Journal of Oncology Nursing
260 _aUnited States
260 _bElsevier
650 _a Internal medicine
650 _a Neoplasms. Tumors. Oncology. Including cancer and carcinogens | Medicine
650 _a Nursing
650 _aMedicine
856 _uhttps://doaj.org/toc/689ea8e46ba8478680ac23f45093b939
942 _2ddc
942 _cDOAJEJ
999 _c72751
_d72751
945 _a1
_bMadushi Gamage
_c1
_dMadushi Gamage